000 00770caa a2200205 4500
999 _c459269
_d459269
001 216217987
003 UA-OsUOA
005 20200518000908.0
008 200518b un ||||| |||| 00| 0 ukr d
040 _aUA-OsUOA
_bukr
_cUA-OsUOA
_dUA-OsUOA
041 _aukr
080 _a908
090 _a908
100 _aШевцов Д.
245 _aДіяльність Острозького відділу Волинського округу Польського Товариства Краєзнавчого в 30-х рр. XX ст.
_cД. Шевцов
300 _aС. 288–293
650 _2UDC
773 0 _0399318
_9416566
_dОстрог НаУОА 2014
_o148881
_tОстрозький краєзнавчий збірник
_w(UA-OsUOA) 113461
942 _2udc
_cBKA